[Event "ESCC 2014 - 65+ Rapid"]
[Site "Porto POR"]
[Date "2014.03.20"]
[Round "8.12"]
[White "Kabanova, Irina"]
[Black "Sasu-Ducsoara, Adrian-Florian"]
[Result "1-0"]
[WhiteElo "1966"]
[BlackElo "2170"]
[PlyCount "126"]
[EventDate "2014.??.??"]

1. e4 c5 2. Nf3 Nf6 3. e5 Nd5 4. c3 Nc6 5. d4 cxd4 6. cxd4 d6 7. Bc4 Nb6 8. Bb5
Bd7 9. exd6 exd6 10. O-O Be7 11. d5 Ne5 12. Bxd7+ Qxd7 13. Nc3 O-O 14. Re1 Qf5
15. Nxe5 dxe5 16. d6 Bh4 17. Ne4 h6 18. Qd3 Rfc8 19. g3 Bd8 20. b3 Rc6 21. Ba3
Rac8 22. Rad1 Nd7 23. b4 Rc4 24. Nc5 Qxd3 25. Rxd3 f6 26. Nxd7 b6 27. Nxe5 fxe5
28. Rxe5 Bf6 29. Re2 b5 30. d7 Rd8 31. Re8+ Kf7 32. Rxd8 Bxd8 33. Bb2 Rxb4 34.
Be5 Re4 35. f4 Re2 36. a3 a5 37. h4 h5 38. Kf1 Rc2 39. f5 Rc5 40. Bf4 Rxf5 41.
Ke2 Ke6 42. Bg5 Rf8 43. Bd2 a4 44. Bb4 Rf5 45. Rd6+ Ke5 46. Rd3 Ke6 47. Rd6+
Ke5 48. Rg6 Rf7 49. Bc3+ Kf5 50. Rd6 Re7+ 51. Kf3 Rf7 52. Ke2 Re7+ 53. Kd2 Ke4
54. Rd4+ Kf3 55. Bb4 Re2+ 56. Kd1 Re6 57. Bd6 Ke3 58. Rd2 Kf3 59. Bb4 Kxg3 60.
Rd4 Kf3 61. Bd2 Re4 62. Rd3+ Kg4 63. Bg5 Kf5 1-0

[Event "ESCC 2014 - 65+ Rapid"]
[Site "Porto POR"]
[Date "2014.03.20"]
[Round "8.13"]
[White "Alves, Fernando"]
[Black "Birkestrand, Odd"]
[Result "1-0"]
[WhiteElo "1802"]
[BlackElo "1875"]
[PlyCount "99"]
[EventDate "2014.??.??"]

1. e4 e5 2. Nf3 Nc6 3. Bc4 Nf6 4. d4 exd4 5. e5 d5 6. Bd3 Bb4+ 7. Nbd2 Nd7 8.
O-O O-O 9. a3 Be7 10. Re1 Nc5 11. Bf1 Bg4 12. h3 Bh5 13. Bb5 a6 14. Bxc6 bxc6
15. b4 Ne6 16. Nb3 Bxf3 17. Qxf3 Qb8 18. Bd2 Qb5 19. Qg4 g6 20. Nxd4 Nxd4 21.
Qxd4 Rfd8 22. Be3 Qb7 23. Red1 Qc8 24. Kh1 Qf5 25. f3 f6 26. f4 Re8 27. Rf1
Rad8 28. c3 Qe6 29. Rae1 f5 30. Qa7 g5 31. Bd4 g4 32. Re3 Rd7 33. Qxa6 Qh6 34.
Qd3 Rf8 35. a4 Rf7 36. a5 Qh4 37. a6 Rd8 38. a7 Qh5 39. Qa6 Ra8 40. Qb7 Rff8
41. Qxc7 Qe8 42. Ra1 Bd8 43. Qb7 Bh4 44. Ra6 Bf2 45. Re2 Bxd4 46. cxd4 gxh3 47.
gxh3 Qh5 48. Raa2 Qxh3+ 49. Rh2 Qf3+ 50. Rag2+ 1-0

[Event "ESCC 2014 - 65+ Rapid"]
[Site "Porto POR"]
[Date "2014.03.20"]
[Round "9.1"]
[White "Gorshkov, Yury S"]
[Black "Suba, Mihai"]
[Result "0-1"]
[WhiteElo "2320"]
[BlackElo "2379"]
[PlyCount "60"]
[EventDate "2014.??.??"]

1. Nf3 Nf6 2. c4 c5 3. Nc3 e6 4. g3 b6 5. Bg2 Bb7 6. O-O d6 7. Re1 Be7 8. e4
Nbd7 9. d4 cxd4 10. Nxd4 Qc7 11. b3 a6 12. Bb2 O-O 13. h3 Rac8 14. Qd2 Rfd8 15.
Rac1 Qb8 16. Qe2 Bf8 17. Rcd1 Re8 18. Qd2 Ba8 19. Re3 g6 20. Re2 Nc5 21. Rde1
Bg7 22. Rd1 Red8 23. Qe1 h5 24. h4 Ng4 25. Ba1 Ne5 26. Red2 Re8 27. Nf3 b5 28.
cxb5 axb5 29. Rxd6 Nxf3+ 30. Bxf3 b4 0-1

[Event "ESCC 2014 - 65+ Rapid"]
[Site "Porto POR"]
[Date "2014.03.20"]
[Round "9.2"]
[White "Beznosikov, Vladimir"]
[Black "Butnorius, Algimantas"]
[Result "1/2-1/2"]
[WhiteElo "2356"]
[BlackElo "2340"]
[PlyCount "50"]
[EventDate "2014.??.??"]

1. e4 e5 2. Nf3 Nc6 3. Bc4 Bc5 4. b4 Bxb4 5. c3 Ba5 6. d4 exd4 7. O-O Nge7 8.
cxd4 d5 9. exd5 Nxd5 10. Ba3 Be6 11. Nbd2 Bb4 12. Bxb4 Ncxb4 13. Ne4 O-O 14.
Nc5 Nc6 15. Nxb7 Qf6 16. Nc5 Nc3 17. Qd3 Bxc4 18. Qxc4 Nxd4 19. Nxd4 Qxd4 20.
Qxd4 Ne2+ 21. Kh1 Nxd4 22. Rac1 c6 23. Rc4 Rfd8 24. g3 Rd5 25. Kg2 h6 1/2-1/2

[Event "ESCC 2014 - 65+ Rapid"]
[Site "Porto POR"]
[Date "2014.03.20"]
[Round "9.3"]
[White "Gundersen, Helge"]
[Black "Gaprindashvili, Nona"]
[Result "0-1"]
[WhiteElo "2162"]
[BlackElo "2244"]
[PlyCount "112"]
[EventDate "2014.??.??"]

1. b3 e5 2. Bb2 f6 3. e4 Nc6 4. Bc4 g6 5. h4 Nge7 6. h5 g5 7. Qf3 Ng8 8. h6 Qe7
9. Nc3 Nb4 10. O-O-O c6 11. a3 Na6 12. d4 Nc7 13. d5 d6 14. dxc6 bxc6 15. Nge2
Be6 16. Bxe6 Qxe6 17. Ng3 Nxh6 18. Rxh6 g4 19. Qe3 d5 20. exd5 cxd5 21. Qd2
O-O-O 22. Rhh1 f5 23. Qg5 f4 24. Nge2 h5 25. f3 Be7 26. Qg7 Rdg8 27. Nxf4 Rxg7
28. Nxe6 Nxe6 29. Nxd5 Bg5+ 30. Kb1 gxf3 31. gxf3 Rf7 32. Bxe5 Rhh7 33. Rh3 Rf5
34. f4 Bd8 35. Rc3+ Kb7 36. Ne3 Rf8 37. Rd6 Nc7 38. Nc4 Nb5 39. Rh3 Nxd6 40.
Nxd6+ Kc6 41. c4 Bf6 42. Rh2 Be7 43. Nb5 a6 44. Nd4+ Kb7 45. b4 Rg8 46. c5 h4
47. Nf5 Bd8 48. Nd6+ Kc6 49. f5 h3 50. f6 Rg1+ 51. Kc2 Rg2+ 52. Kd3 Bxf6 53.
Nc4 Bxe5 54. Nxe5+ Kd5 55. Rxg2 hxg2 56. Nf3 Rh3 0-1

[Event "ESCC 2014 - 65+ Rapid"]
[Site "Porto POR"]
[Date "2014.03.20"]
[Round "9.4"]
[White "Malachi, Avraham"]
[Black "Schouten, Nico"]
[Result "1-0"]
[WhiteElo "2097"]
[BlackElo "2179"]
[PlyCount "115"]
[EventDate "2014.??.??"]

1. e4 e5 2. Nf3 Nc6 3. Bb5 a6 4. Bxc6 dxc6 5. O-O Ne7 6. Nxe5 Qd4 7. Qh5 g6 8.
Nf3 Qxe4 9. Qa5 b6 10. Qc3 Rg8 11. Re1 Qd5 12. d4 Be6 13. Qd3 Qb5 14. Qe3 O-O-O
15. Nc3 Qh5 16. Ne5 Nf5 17. Qd3 Kb7 18. Be3 Bd6 19. Qe4 Ne7 20. f4 Nd5 21. Nxd5
Bxd5 22. Qd3 f6 23. c4 Bxg2 24. Kxg2 fxe5 25. fxe5 Bxe5 26. h3 Qf5 27. Rad1
Qxd3 28. Rxd3 c5 29. d5 Bxb2 30. Rb1 Bd4 31. Bxd4 cxd4 32. Rxd4 Rge8 33. Rb2
Re5 34. Rf2 Rd7 35. a4 Re3 36. Rf3 Rxf3 37. Kxf3 Re7 38. h4 Kc8 39. Rf4 Kd7 40.
Rf6 Ke8 41. a5 Rf7 42. Rxf7 Kxf7 43. d6 Ke6 44. dxc7 Kd7 45. axb6 a5 46. Ke4 a4
47. Kd4 a3 48. Kc3 a2 49. Kb2 a1=Q+ 50. Kxa1 h5 51. c5 g5 52. hxg5 h4 53. g6 h3
54. g7 h2 55. c8=Q+ Kxc8 56. g8=Q+ Kb7 57. Qh7+ Ka6 58. Qxh2 1-0

[Event "ESCC 2014 - 65+ Rapid"]
[Site "Porto POR"]
[Date "2014.03.20"]
[Round "9.5"]
[White "Grinberg, Iosif P"]
[Black "Grabow, Pouelsten Holm"]
[Result "1-0"]
[WhiteElo "2161"]
[BlackElo "2095"]
[PlyCount "63"]
[EventDate "2014.??.??"]

1. d4 d5 2. c4 e6 3. Nc3 Nf6 4. Nf3 Be7 5. g3 O-O 6. Bg2 c6 7. O-O b6 8. Ne5
Bb7 9. b3 Nbd7 10. f4 Nxe5 11. fxe5 Nd7 12. e4 dxe4 13. Nxe4 f5 14. exf6 Bxf6
15. Nxf6+ Rxf6 16. Re1 Qf8 17. Bg5 Rf5 18. Bf4 g5 19. Bd2 Qg7 20. Bc3 Nf8 21.
Rc1 Qf7 22. Qe2 c5 23. Bh3 Bf3 24. Qe3 g4 25. Bf1 cxd4 26. Qxd4 e5 27. Rxe5
Rxe5 28. Qxe5 Ng6 29. Qd4 Re8 30. c5 bxc5 31. Qxc5 Qb7 32. Bc4+ 1-0

[Event "ESCC 2014 - 65+ Rapid"]
[Site "Porto POR"]
[Date "2014.03.20"]
[Round "9.6"]
[White "Gruzmann, Boris"]
[Black "Tsifanskaya, Ludmila A"]
[Result "1-0"]
[WhiteElo "2159"]
[BlackElo "2106"]
[PlyCount "113"]
[EventDate "2014.??.??"]

1. e4 c5 2. Nf3 Nc6 3. d4 cxd4 4. Nxd4 Qb6 5. Nb3 Nf6 6. Nc3 e6 7. Bd3 a6 8.
O-O Qc7 9. f4 d6 10. Qf3 Be7 11. Bd2 O-O 12. Rae1 Rb8 13. g4 b5 14. g5 Nd7 15.
Qh3 Re8 16. f5 Nde5 17. f6 Bf8 18. fxg7 Bxg7 19. Qh5 b4 20. Nd1 Ng6 21. Ne3
Nce5 22. Re2 a5 23. Ref2 a4 24. Nc1 b3 25. axb3 axb3 26. cxb3 Bb7 27. Bb1 Ba6
28. Ne2 Rxb3 29. Bc3 Bxe2 30. Rxe2 Rxc3 31. bxc3 Qxc3 32. Ng4 Nxg4 33. Qxg4
Qd4+ 34. Kh1 Ne5 35. Qh5 Rb8 36. Rg2 Rb2 37. Rxb2 Qxb2 38. Qd1 Qb4 39. Qc2 Qc5
40. Qxc5 dxc5 41. Rc1 Bf8 42. Kg2 Kg7 43. h4 Kg6 44. Rd1 h6 45. Rd8 Bg7 46.
gxh6 Kxh6 47. Rc8 c4 48. Ba2 Kh5 49. Kh3 Bf6 50. Bxc4 Nxc4 51. Rxc4 Bxh4 52.
Rc7 Bg5 53. Rxf7 e5 54. Rf5 Kg6 55. Rxe5 Bf4 56. Rf5 Bc7 57. Kg4 1-0

[Event "ESCC 2014 - 65+ Rapid"]
[Site "Porto POR"]
[Date "2014.03.20"]
[Round "9.7"]
[White "Boysan, Hasan Ferit"]
[Black "Khmiadashvili, Tamar"]
[Result "1-0"]
[WhiteElo "1969"]
[BlackElo "2026"]
[PlyCount "154"]
[EventDate "2014.??.??"]

1. Nf3 d6 2. g3 e5 3. Bg2 g6 4. d3 Bg7 5. O-O Ne7 6. Nbd2 O-O 7. c3 d5 8. Qc2
h6 9. e4 c6 10. Re1 Qc7 11. a4 f5 12. exf5 gxf5 13. Nf1 Ng6 14. h4 e4 15. Nd4
Qf7 16. Ne2 Nd7 17. d4 Nf6 18. Nf4 Nxf4 19. Bxf4 Nh5 20. Qd2 Qg6 21. Kh2 Be6
22. b4 Nxf4 23. Qxf4 h5 24. Qg5 Qxg5 25. hxg5 f4 26. Ra2 Rae8 27. b5 c5 28. Rd2
cxd4 29. cxd4 Rc8 30. gxf4 Rxf4 31. Ng3 Bg4 32. Kg1 Rc4 33. Nf1 Rxd4 34. Rxd4
Bxd4 35. Ne3 Bxe3 36. fxe3 Rf5 37. Rc1 Rxg5 38. Kf2 Rg7 39. Rc2 h4 40. Rd2 Be6
41. Kf1 Kh7 42. Bh1 Kh6 43. Rh2 Kh5 44. Bg2 Rc7 45. Kg1 Rc1+ 46. Bf1 Bg4 47. a5
h3 48. Rf2 Bf3 49. Kh2 Kh4 50. a6 bxa6 51. bxa6 Ra1 52. Kg1 Kg3 53. Rg2+ Kh4
54. Rf2 Bg2 55. Rf4+ Kg5 56. Kh2 Rxf1 57. Rg4+ Kf6 58. Rh4 Ra1 59. Rh8 Ke5 60.
Rh5+ Kd6 61. Rh7 Bf1 62. Rxa7 Rxa6 63. Rh7 Kc5 64. Rc7+ Rc6 65. Rd7 Bg2 66. Rd8
Kc4 67. Kg1 Rc5 68. Kh2 Kd3 69. Rf8 Kxe3 70. Rf2 Kd4 71. Rd2+ Ke5 72. Rf2 e3
73. Re2 d4 74. Re1 Ke4 75. Re2 d3 76. Re1 d2 77. Rg1 Rc1 1-0

[Event "ESCC 2014 - 65+ Rapid"]
[Site "Porto POR"]
[Date "2014.03.20"]
[Round "9.8"]
[White "Hutchinson, Norman A"]
[Black "Zhelesny, Stanislav"]
[Result "0-1"]
[WhiteElo "2100"]
[BlackElo "2171"]
[PlyCount "78"]
[EventDate "2014.??.??"]

1. e4 c6 2. d4 d5 3. exd5 cxd5 4. c4 Nf6 5. Nc3 e6 6. Nf3 Be7 7. cxd5 Nxd5 8.
Bd3 O-O 9. O-O Nc6 10. Re1 Re8 11. Ne4 f6 12. a3 Bf8 13. b4 a6 14. Bb2 Nce7 15.
Rc1 Ng6 16. Nc5 b6 17. Ne4 Bb7 18. Bb1 Kh8 19. Ng3 Ndf4 20. Ba2 Rc8 21. Qb3
Nxg2 22. Rxc8 Qxc8 23. Rc1 Qd7 24. Qd1 Bd5 25. Bxd5 Qxd5 26. Kxg2 Nh4+ 27. Kh3
Nxf3 28. Kg4 Nxh2+ 29. Kf4 Bd6+ 30. Ke3 f5 31. Qh5 Ng4+ 32. Ke2 Nf6 33. Qh3
Bxg3 34. Qxg3 Qe4+ 35. Kd2 f4 36. Qh3 Qd5 37. Rh1 h6 38. Kc1 Qe4 39. Qc3 Qxh1+
0-1

[Event "ESCC 2014 - 65+ Rapid"]
[Site "Porto POR"]
[Date "2014.03.20"]
[Round "9.9"]
[White "Kozlovskaya, Valentina"]
[Black "Sevenyuk, Alexey"]
[Result "1-0"]
[WhiteElo "2155"]
[BlackElo "1918"]
[PlyCount "113"]
[EventDate "2014.??.??"]

1. d4 e6 2. Nf3 f5 3. g3 Nf6 4. Bg2 Be7 5. O-O O-O 6. c4 d6 7. Nc3 a5 8. Re1
Ne4 9. Qc2 Nxc3 10. Qxc3 Nd7 11. h4 Nf6 12. Nd2 c5 13. dxc5 dxc5 14. e4 fxe4
15. Nxe4 Nxe4 16. Bxe4 Bf6 17. Qc2 h6 18. Be3 Bd4 19. Bxd4 cxd4 20. Rad1 Qf6
21. Rd2 e5 22. Bd5+ Kh8 23. Qe4 Rb8 24. Qxe5 Qxe5 25. Rxe5 b5 26. b3 bxc4 27.
Bxc4 Rd8 28. Rd5 Rxd5 29. Bxd5 Bb7 30. Bxb7 Rxb7 31. Rxd4 Rc7 32. Kg2 Rc5 33.
g4 g6 34. Kg3 Kg7 35. f3 Kf6 36. Rd6+ Kg7 37. Rb6 Rc2 38. a4 Rc3 39. Rb5 Kf6
40. g5+ hxg5 41. hxg5+ Ke6 42. Kg4 Rd3 43. Rxa5 Rxb3 44. Ra6+ Kf7 45. Kf4 Rc3
46. Ke4 Rc4+ 47. Ke5 Rc5+ 48. Kf4 Rc4+ 49. Kg3 Rc5 50. f4 Rc3+ 51. Kg4 Rc1 52.
Rf6+ Kg7 53. a5 Ra1 54. a6 Ra4 55. Rb6 Kf7 56. Rb7+ Ke6 57. Rg7 1-0

[Event "ESCC 2014 - 65+ Rapid"]
[Site "Porto POR"]
[Date "2014.03.20"]
[Round "9.10"]
[White "Tseitlin, Mark D"]
[Black "Kabanova, Irina"]
[Result "1-0"]
[WhiteElo "2353"]
[BlackElo "1966"]
[PlyCount "69"]
[EventDate "2014.??.??"]

1. e4 c5 2. Nf3 e6 3. Nc3 Nc6 4. Bb5 Qc7 5. O-O d6 6. d4 cxd4 7. Qxd4 Nge7 8.
Be3 Bd7 9. Bxc6 Nxc6 10. Qd2 Be7 11. Nb5 Qb8 12. Rad1 O-O 13. Nxd6 Rd8 14. c4
b6 15. Bf4 e5 16. Nxe5 Nxe5 17. Bxe5 Be6 18. b3 a5 19. Bg3 a4 20. e5 Bxd6 21.
exd6 Rd7 22. f4 Bg4 23. f5 Bxd1 24. Rxd1 axb3 25. axb3 Qd8 26. Qd5 Ra5 27. Qe4
Kf8 28. h3 Qa8 29. Qe3 Ra2 30. Rd5 Qc6 31. f6 h6 32. fxg7+ Kxg7 33. Be5+ Kh7
34. Qe4+ Kg8 35. Qg4+ 1-0

[Event "ESCC 2014 - 65+ Rapid"]
[Site "Porto POR"]
[Date "2014.03.20"]
[Round "9.11"]
[White "Santos, Amadeu Solha"]
[Black "Santos, Júlio"]
[Result "0-1"]
[WhiteElo "1614"]
[BlackElo "1981"]
[PlyCount "68"]
[EventDate "2014.??.??"]

1. b3 e5 2. Bb2 Nc6 3. e3 d5 4. Bb5 f6 5. Bxc6+ bxc6 6. h3 Bd6 7. Nf3 Ne7 8.
Nc3 O-O 9. g4 Ng6 10. Rg1 e4 11. Nd4 Nh4 12. Nf5 Nf3+ 13. Kf1 Nxg1 14. Nxd6
Nxh3 15. Nf5 Ng5 16. Ke2 Bxf5 17. gxf5 Qd7 18. Qh1 Qxf5 19. Rg1 Qf3+ 20. Qxf3
exf3+ 21. Kf1 h5 22. d4 h4 23. Bc1 Rae8 24. e4 Nxe4 25. Nxe4 Rxe4 26. Be3 Rfe8
27. c3 Kf7 28. Rh1 f5 29. Rh3 f4 30. Rxf3 g5 31. Kg2 Kg6 32. Kh3 fxe3 33. fxe3
Rxe3 34. Kg4 R8e4+ 0-1

[Event "ESCC 2014 - 65+ Rapid"]
[Site "Porto POR"]
[Date "2014.03.20"]
[Round "9.12"]
[White "Brandão, Álvaro"]
[Black "Alves, Fernando"]
[Result "1-0"]
[WhiteElo "1601"]
[BlackElo "1802"]
[PlyCount "87"]
[EventDate "2014.??.??"]

1. Nf3 Nf6 2. b3 g6 3. Bb2 Bg7 4. e3 d6 5. d4 O-O 6. Nbd2 Nbd7 7. Bd3 c5 8. O-O
a6 9. c4 Rb8 10. d5 b5 11. Rb1 b4 12. Re1 a5 13. e4 Nb6 14. h3 Bd7 15. e5 dxe5
16. Bxe5 Ra8 17. d6 e6 18. Bxf6 Bxf6 19. Ne4 Bg7 20. Nxc5 Bc6 21. Be4 Bxe4 22.
Nxe4 Qd7 23. c5 Nd5 24. Rc1 Rfc8 25. Neg5 h6 26. Ne5 Bxe5 27. Rxe5 hxg5 28. Qg4
Rc6 29. Rxd5 Rac8 30. Rxg5 Rxd6 31. c6 Rcxc6 32. Rxc6 Qxc6 33. Rxa5 Qc1+ 34.
Kh2 Qc7 35. Ra4 Rb6+ 36. g3 Qc3 37. Qd1 Qf6 38. Kg2 Kg7 39. Ra8 Qe5 40. Rd8 Rb5
41. Qd4 Kf6 42. Qh4+ Qg5 43. Qh8+ Kf5 44. g4+ 1-0

[Event "ESCC 2014 - 65+ Rapid"]
[Site "Porto POR"]
[Date "2014.03.20"]
[Round "9.13"]
[White "Marcelino, José"]
[Black "Sasu-Ducsoara, Adrian-Florian"]
[Result "0-1"]
[WhiteElo "1374"]
[BlackElo "2170"]
[PlyCount "48"]
[EventDate "2014.??.??"]

1. c4 c5 2. Nc3 Nc6 3. Nf3 g6 4. b3 Bg7 5. Bb2 e6 6. Qc2 Nge7 7. Ne4 O-O 8.
Bxg7 Kxg7 9. Nxc5 d5 10. Qc3+ d4 11. Qd3 b6 12. Ne4 f5 13. Neg5 h6 14. Nh3 e5
15. e4 Nb4 16. Qb1 d3 17. Kd1 fxe4 18. Nxe5 Qd4 19. f4 Nc2 20. Bxd3 exd3 21.
Nxd3 Nxa1 22. Nb2 Bg4+ 23. Kc1 Rad8 24. d3 Qc3+ 0-1